| 000 | 00542nam a22001577a 4500 | ||
|---|---|---|---|
| 999 |
_c9713 _d9713 |
||
| 003 | GBCCL | ||
| 005 | 20241126110717.0 | ||
| 008 | 230626b ||||| |||| 00| 0 eng d | ||
| 040 | _cgbc | ||
| 082 |
_aVER 252 _bROS |
||
| 245 |
_aRev Paul Rostad-a sermon : _bManipur chhim thlang biala missionary awm rei ber leh hnathawk hnem ber Rev Paul Rostad-a sermon Herald of truth a tanga lakchhuah / _ccompiled by Rev Dr Lalhmuoklien |
||
| 260 | _aNehru marg , Manipur : | ||
| 600 |
_aRostad,Paul _916877 |
||
| 650 |
_aSermon _99527 |
||
| 942 |
_2ddc _cBK |
||